[Event "XXXIII Festival Conca della Presolana Magistrale"]
[Site "Bratto - Castione della Presolana ITA"]
[Date "2013.08.25"]
[Round "9"]
[White "Ducarmon, Quinten"]
[Black "Abasov, Nijat Azad Oglu"]
[WhiteElo "2438"]
[BlackElo "2492"]
[Result "1/2-1/2"]
[PlyCount "93"]
[EventDate "2013.08.17"]

1. e4 c6 2. d4 d5 3. exd5 cxd5 4. c4 Nf6 5. Nc3 e6 6. Nf3 Bb4 7. cxd5 Nxd5 8.
Bd2 Nc6 9. Bd3 O-O 10. O-O Be7 11. Nxd5 exd5 12. Qb3 Bf6 13. Bc3 Rb8 14. Rfe1
Be6 15. Qc2 h6 16. Ne5 Qb6 17. Rad1 Bxe5 18. dxe5 d4 19. Bd2 Bxa2 20. b4 Bd5
21. b5 Na5 22. Qa4 Nb3 23. Bb4 Rfc8 24. Bf5 Nc5 25. Bxc5 Rxc5 26. Bd3 Rc3 27.
Bf1 Rbc8 28. Qxd4 Qxd4 29. Rxd4 Bc4 30. Rd7 Bxf1 31. Kxf1 R3c7 32. Rxc7 Rxc7
33. Ra1 b6 34. f4 g5 35. Kf2 Kg7 36. Ra4 Kg6 37. Kf3 Rc5 38. Rxa7 Rxb5 39. fxg5
hxg5 40. Rb7 Rb3+ 41. Ke4 Rb4+ 42. Kf3 g4+ 43. Kg3 b5 44. h4 gxh3 45. gxh3 Rb1
46. h4 b4 47. h5+ 1/2-1/2

[Event "XXXIII Festival Conca della Presolana Magistrale"]
[Site "Bratto - Castione della Presolana ITA"]
[Date "2013.08.25"]
[Round "9"]
[White "Qendro, Llambi"]
[Black "Janev, Evgeni"]
[WhiteElo "2327"]
[BlackElo "2451"]
[Result "1-0"]
[PlyCount "114"]
[EventDate "2013.08.17"]

1. d4 Nf6 2. c4 d6 3. Nc3 g6 4. e4 Bg7 5. f3 O-O 6. Bg5 Nc6 7. Nge2 e5 8. d5
Nd4 9. Nxd4 exd4 10. Qxd4 h6 11. Bxf6 Bxf6 12. Qf2 c5 13. Bd3 Bd4 14. Qd2 Qh4+
15. g3 Qf6 16. f4 Bg4 17. h3 Bf3 18. Rf1 Bxc3 19. Qxc3 Qxc3+ 20. bxc3 Bxe4 21.
Kd2 Rfe8 22. Rfe1 Bxd3 23. Kxd3 Kf8 24. g4 Rad8 25. Rab1 b6 26. a4 f5 27. gxf5
gxf5 28. h4 Kf7 29. h5 Rg8 30. Re6 Rg3+ 31. Kc2 Rg4 32. Rbe1 Rxf4 33. Rxh6 Rg8
34. Ree6 Rg2+ 35. Kb3 Rff2 36. Rhf6+ Kg8 37. Rg6+ Rxg6 38. Rxg6+ Kf7 39. Rxd6
Rh2 40. h6 f4 41. Re6 f3 42. Re3 Rh3 43. h7 f2 44. h8=Q Rxh8 45. Rf3+ Ke7 46.
Rxf2 Rh6 47. a5 bxa5 48. Ka4 a6 49. Kxa5 Rh4 50. Kb6 Rxc4 51. Kc7 Rxc3 52. d6+
Ke6 53. Re2+ Kf5 54. d7 Rd3 55. d8=Q Rxd8 56. Kxd8 c4 57. Rc2 Ke4 1-0

[Event "XXXIII Festival Conca della Presolana Magistrale"]
[Site "Bratto - Castione della Presolana ITA"]
[Date "2013.08.25"]
[Round "9"]
[White "Rambaldi, Francesco"]
[Black "Satta, Vladimiro"]
[WhiteElo "2347"]
[BlackElo "2210"]
[Result "1/2-1/2"]
[PlyCount "83"]
[EventDate "2013.08.17"]

1. d4 e6 2. c4 d5 3. Nc3 Be7 4. Nf3 Nf6 5. e3 O-O 6. Be2 dxc4 7. Bxc4 c5 8. O-O
Nc6 9. a3 cxd4 10. exd4 b6 11. Qd3 Bb7 12. Ba2 Qd7 13. Bg5 Rad8 14. Rad1 h6 15.
Bh4 Rfe8 16. Rfe1 Nh5 17. Bb1 g6 18. Bxe7 Rxe7 19. Qe3 Kg7 20. Ne4 Qc7 21. g3
f5 22. Nc3 Nf6 23. Ba2 Rde8 24. Ne2 Ng4 25. Qc1 Nb4 26. Qxc7 Rxc7 27. axb4 Bxf3
28. Rc1 Rxc1 29. Nxc1 Rd8 30. h3 Nf6 31. Re3 Rxd4 32. Rxf3 Rd1+ 33. Kg2 Rxc1
34. Bxe6 Rc2 35. b3 Re2 36. Bc4 Rd2 37. Kf1 Rd4 38. Re3 Ne4 39. Kg2 Kf6 40. f3
Rd2+ 41. Be2 Nd6 42. Kf2 1/2-1/2

[Event "XXXIII Festival Conca della Presolana Magistrale"]
[Site "Bratto - Castione della Presolana ITA"]
[Date "2013.08.25"]
[Round "9"]
[White "Ranieri, Fabrizio"]
[Black "Levin, Felix"]
[WhiteElo "2246"]
[BlackElo "2478"]
[Result "1/2-1/2"]
[PlyCount "82"]
[EventDate "2013.08.17"]

1. e4 c6 2. d4 d5 3. exd5 cxd5 4. c4 Nf6 5. Nc3 Nc6 6. Bg5 Be6 7. Nf3 g6 8.
Bxf6 exf6 9. Be2 Bg7 10. O-O O-O 11. Qd2 f5 12. Rfd1 h6 13. Rac1 Re8 14. cxd5
Bxd5 15. Nxd5 Qxd5 16. Bc4 Qd6 17. Bb5 Rec8 18. Bxc6 Rxc6 19. Rxc6 Qxc6 20. h3
Qd5 21. b3 Rc8 22. Rc1 Rd8 23. Rc7 g5 24. Qc3 g4 25. Ne5 Qxd4 26. Qxd4 Rxd4 27.
Nxf7 Rd2 28. Rxb7 Rxa2 29. hxg4 fxg4 30. g3 a5 31. Nd6 Bd4 32. Rb8+ Kh7 33. Rf8
Rb2 34. Nc4 Rxb3 35. Rf7+ Kg6 36. Rf4 Bc3 37. Rxg4+ Kf6 38. Ne3 Ke5 39. Rh4 Bb4
40. Nc4+ Kf5 41. Nxa5 Bxa5 1/2-1/2

[Event "XV C.to Europeo a squadre Seniores"]
[Site "Dresda GER"]
[Date "2013.07.20"]
[Round "1.1"]
[White "Giulian, Philip M."]
[Black "Tatai, Stefano"]
[Result "1/2-1/2"]
[WhiteElo "2230"]
[BlackElo "2365"]
[PlyCount "61"]
[EventDate "2013.07.20"]

1. d4 Nf6 2. c4 e6 3. Nc3 Bb4 4. e3 O-O 5. Nge2 d5 6. a3 Be7 7. cxd5 exd5 8.
Nf4 Re8 9. Bd3 c6 10. O-O Nbd7 11. f3 Nb6 12. Kh1 c5 13. dxc5 Bxc5 14. e4 dxe4
15. Nxe4 Nxe4 16. Bxe4 Qxd1 17. Rxd1 Bd7 18. b3 Rad8 19. Bb2 Bc8 20. Nd5 f5 21.
Nxb6 fxe4 22. Nxc8 exf3 23. gxf3 Rxc8 24. Rac1 Bb6 25. Rxc8 Rxc8 26. Rd7 Rd8
27. Rxd8+ Bxd8 28. Kg2 Bc7 29. h3 Kf7 30. Bd4 a6 31. Kf2 1/2-1/2

[Event "XV C.to Europeo a squadre Seniores"]
[Site "Dresda GER"]
[Date "2013.07.20"]
[Round "1.2"]
[White "Albano, Marco"]
[Black "Bhopal, Raj"]
[Result "1/2-1/2"]
[WhiteElo "2288"]
[BlackElo "2077"]
[PlyCount "94"]
[EventDate "2013.07.20"]

1. d4 f5 2. c4 Nf6 3. g3 e6 4. Bg2 Be7 5. Nh3 O-O 6. O-O d6 7. Nc3 c6 8. b4 e5
9. dxe5 dxe5 10. Qb3 h6 11. c5+ Kh8 12. Bb2 Qe8 13. f3 Na6 14. e4 fxe4 15. Nxe4
Nxe4 16. fxe4 Bf6 17. a3 Nc7 18. Rad1 Be6 19. Qf3 a5 20. Nf2 axb4 21. axb4 Qc8
22. Qh5 Nb5 23. Bh3 Bxh3 24. Nxh3 Qe6 25. g4 Qb3 26. g5 Qe3+ 27. Rf2 Bxg5 28.
Bxe5 Rxf2 29. Nxf2 Rf8 30. Bg3 Nd4 31. Kg2 Ne6 32. Rf1 Bf4 33. Qf3 Qd2 34. Qg4
Ng5 35. Rd1 Qe3 36. Rd3 Qc1 37. Rd1 Qe3 38. Rd3 Qc1 39. Qd1 Qb2 40. Rd8 Qf6 41.
Rxf8+ Qxf8 42. Qg4 Bxg3 43. hxg3 Qe8 44. Qf5 Qe6 45. Qxe6 Nxe6 46. Kf3 Nd4+ 47.
Kf4 Ne2+ 1/2-1/2

[Event "XV C.to Europeo a squadre Seniores"]
[Site "Dresda GER"]
[Date "2013.07.20"]
[Round "1.4"]
[White "Rosino, Antonio"]
[Black "Dawson, Alastair"]
[Result "0-1"]
[WhiteElo "2178"]
[BlackElo "1900"]
[PlyCount "46"]
[EventDate "2013.07.20"]

1. e4 c5 2. c3 g6 3. d4 cxd4 4. cxd4 d5 5. exd5 Nf6 6. Bb5+ Nbd7 7. Nc3 Bg7 8.
Qb3 O-O 9. Bxd7 Qxd7 10. Nge2 b6 11. Bg5 Ba6 12. O-O Rfd8 13. Rfe1 h6 14. Bh4
g5 15. Bg3 Nxd5 16. Nxd5 Qxd5 17. Nc3 Qd7 18. Qa3 Bc4 19. Rxe7 Qxd4 20. Re4 Qd3
21. Re3 Qd4 22. Qa4 b5 23. Nxb5 Qxb2 0-1

[Event "XV C.to Europeo a squadre Seniores"]
[Site "Dresda GER"]
[Date "2013.07.21"]
[Round "2.1"]
[White "Tatai, Stefano"]
[Black "Jones, Iolo Cerredig"]
[Result "1-0"]
[WhiteElo "2365"]
[BlackElo "2225"]
[PlyCount "127"]
[EventDate "2013.07.20"]

1. d4 Nf6 2. c4 d6 3. Nc3 e5 4. Nf3 Nbd7 5. e4 Be7 6. Be2 c6 7. O-O O-O 8. Be3
Re8 9. d5 c5 10. Ne1 Nf8 11. Nd3 N6d7 12. Qd2 Nb6 13. b3 Ng6 14. g3 f5 15. f3
Bf6 16. exf5 Bxf5 17. Ne4 Be7 18. Ndf2 a5 19. Bd3 Rf8 20. Qc2 Bd7 21. Kg2 Rf7
22. a3 Nc8 23. Rab1 b6 24. Nd1 Nf8 25. Ndc3 Rb8 26. h4 h6 27. b4 axb4 28. axb4
Ra8 29. b5 Be8 30. Ra1 Rxa1 31. Rxa1 Nd7 32. Nf2 Nf8 33. Bf5 Bd7 34. Bxd7 Qxd7
35. Ng4 Kh8 36. Ra8 Nh7 37. Qg6 Rf8 38. Ne4 Qb7 39. Ra1 Qd7 40. Bd2 Qf5 41.
Qxf5 Rxf5 42. Ra8 Rf8 43. f4 exf4 44. Bxf4 Kg8 45. Rb8 Kf7 46. Bd2 Rd8 47. Rb7
Nf8 48. Rc7 Nd7 49. Bc3 h5 50. Ne3 g6 51. g4 hxg4 52. Nxg4 Kf8 53. Kg3 Kf7 54.
Ngf2 Kf8 55. Nd3 Kf7 56. Nf4 Nf8 57. Ng5+ Kg8 58. Nge6 Nxe6 59. Nxe6 Re8 60.
Kg4 Bf8 61. Nxf8 Kxf8 62. Bg7+ Kg8 63. Bf6 Kf8 64. Kg5 1-0

[Event "XV C.to Europeo a squadre Seniores"]
[Site "Dresda GER"]
[Date "2013.07.21"]
[Round "2.2"]
[White "Thornton, John D."]
[Black "Mariotti, Sergio"]
[Result "0-1"]
[WhiteElo "2029"]
[BlackElo "2295"]
[PlyCount "66"]
[EventDate "2013.07.20"]

1. Nf3 Nf6 2. c4 c5 3. g3 g6 4. Bg2 Bg7 5. Nc3 O-O 6. O-O Nc6 7. d4 d6 8. d5
Na5 9. Nd2 a6 10. Qc2 e6 11. a3 exd5 12. cxd5 c4 13. b4 cxb3 14. Nxb3 Bf5 15.
Qa2 Rc8 16. Bd2 Nc4 17. Rac1 Nxd2 18. Nxd2 Re8 19. e4 Bd7 20. Qb3 Ng4 21. Ne2
Bb5 22. Rxc8 Qxc8 23. Rc1 Qb8 24. Nc4 Qa7 25. Qf3 Bxc4 26. Qxg4 f5 27. Qf3 fxe4
28. Qg4 Bxe2 29. Qxe2 e3 30. f4 Qd4 31. Rd1 Qxd1+ 32. Qxd1 e2 33. Qe1 Bc3 0-1

[Event "XV C.to Europeo a squadre Seniores"]
[Site "Dresda GER"]
[Date "2013.07.21"]
[Round "2.3"]
[White "Micheli, Carlo"]
[Black "Van Kemenade, Rudy"]
[Result "1/2-1/2"]
[WhiteElo "2287"]
[BlackElo "2018"]
[PlyCount "62"]
[EventDate "2013.07.20"]

1. c4 e5 2. g3 Nc6 3. Bg2 f5 4. d3 Nf6 5. Nc3 d6 6. e3 g6 7. Nge2 Bg7 8. Rb1 a5
9. a3 O-O 10. b4 axb4 11. axb4 g5 12. h4 g4 13. h5 h6 14. Nd5 Ne7 15. Nxf6+
Bxf6 16. e4 Bg7 17. Be3 c6 18. d4 fxe4 19. dxe5 dxe5 20. Bc5 Qxd1+ 21. Rxd1 Kf7
22. Bxe4 Be6 23. Bg6+ Kf6 24. Nc3 Nxg6 25. Ne4+ Kf5 26. Nd6+ Kf6 27. hxg6 Kxg6
28. Nxb7 Bxc4 29. Bxf8 Bxf8 30. Nc5 Ra2 31. Rd2 Ra1+ 1/2-1/2

[Event "XV C.to Europeo a squadre Seniores"]
[Site "Dresda GER"]
[Date "2013.07.22"]
[Round "3.1"]
[White "Stebbings, Anthony J."]
[Black "Tatai, Stefano"]
[Result "1/2-1/2"]
[WhiteElo "2281"]
[BlackElo "2365"]
[PlyCount "107"]
[EventDate "2013.07.20"]

1. e4 c5 2. Nf3 d6 3. d4 cxd4 4. Nxd4 Nf6 5. Nc3 a6 6. f4 Nbd7 7. Nf3 Qc7 8.
Bd3 b5 9. O-O Bb7 10. Qe1 e5 11. Kh1 g6 12. fxe5 dxe5 13. Qh4 Bg7 14. Bh6 O-O
15. Ng5 Rae8 16. a4 b4 17. Nd5 Bxd5 18. exd5 Qd6 19. Rad1 Nh5 20. Bxg7 Kxg7 21.
Ne4 Qb6 22. a5 Qxa5 23. Nd6 Ra8 24. Qe7 Nhf6 25. Rxf6 Nxf6 26. Rf1 Ng8 27.
Rxf7+ Rxf7 28. Qxf7+ Kh8 29. h3 Qa1+ 30. Kh2 Qc1 31. g3 Qd2+ 32. Kh1 Qh6 33.
Qe6 Rf8 34. Nf7+ Rxf7 35. Qxf7 Qxh3+ 36. Kg1 Qxg3+ 37. Kh1 Qh4+ 38. Kg2 Qg5+
39. Kf3 Qf6+ 40. Qxf6+ Nxf6 41. Bxa6 Kg7 42. d6 Kf7 43. Bc4+ Ke8 44. Be6 h5 45.
c4 bxc3 46. bxc3 g5 47. c4 g4+ 48. Kg3 Ne4+ 49. Kh4 Nxd6 50. Kxh5 g3 51. Bh3
Nxc4 52. Kg4 g2 53. Bxg2 Ne3+ 54. Kg3 1/2-1/2

[Event "XV C.to Europeo a squadre Seniores"]
[Site "Dresda GER"]
[Date "2013.07.22"]
[Round "3.2"]
[White "Mariotti, Sergio"]
[Black "James, Geoffrey H."]
[Result "1/2-1/2"]
[WhiteElo "2295"]
[BlackElo "2191"]
[PlyCount "79"]
[EventDate "2013.07.20"]

1. e4 e5 2. Nf3 Nc6 3. g3 Nf6 4. Nc3 Bc5 5. Bg2 d6 6. h3 O-O 7. d3 a6 8. O-O h6
9. Be3 Bxe3 10. fxe3 Be6 11. Nh4 Kh7 12. d4 Ne7 13. Qd3 Nh5 14. g4 Ng8 15. Nf3
Nhf6 16. dxe5 dxe5 17. Nxe5 c6 18. Qxd8 Raxd8 19. Rfd1 Ne7 20. Na4 Ng6 21. Nxg6
Kxg6 22. Rd4 Rde8 23. Kf2 Nd7 24. Rad1 Ne5 25. Nc5 Bc8 26. Nd3 f6 27. Kg3 Kh7
28. b3 Re7 29. a4 a5 30. Nf2 Nd7 31. Rd6 Nc5 32. Rd8 Ree8 33. Rxe8 Rxe8 34. Rd6
Kg8 35. Nd3 Nd7 36. Nb2 Ne5 37. c3 Kf8 38. b4 Ke7 39. Rd4 b6 40. Bf1 1/2-1/2

[Event "XV C.to Europeo a squadre Seniores"]
[Site "Dresda GER"]
[Date "2013.07.22"]
[Round "3.3"]
[White "Norman, Kenneth I."]
[Black "Micheli, Carlo"]
[Result "0-1"]
[WhiteElo "2172"]
[BlackElo "2287"]
[PlyCount "59"]
[EventDate "2013.07.20"]

1. Nf3 d6 2. d4 Nf6 3. g3 g6 4. Bg2 Bg7 5. c4 O-O 6. Nc3 Na6 7. O-O Qe8 8. h3
e5 9. e4 h6 10. Be3 Qe7 11. dxe5 dxe5 12. Nd5 Qd8 13. Nxf6+ Qxf6 14. c5 Rd8 15.
Qe2 Nb4 16. a3 Nc6 17. Rfd1 a5 18. Rxd8+ Qxd8 19. Rd1 Qe7 20. Kh2 a4 21. Qd2
Qe6 22. Qe2 Na5 23. Bd2 Qe8 24. h4 Qd8 25. Bh3 Bxh3 26. Kxh3 Qd7+ 27. Kg2 Nb3
28. Re1 Nd4 29. Qc4 Qc6 30. Nxd4 0-1

[Event "XV C.to Europeo a squadre Seniores"]
[Site "Dresda GER"]
[Date "2013.07.22"]
[Round "3.4"]
[White "Albano, Marco"]
[Black "Yeo, Michael J."]
[Result "1-0"]
[WhiteElo "2288"]
[BlackElo "2170"]
[PlyCount "87"]
[EventDate "2013.07.20"]

1. e4 e5 2. Nf3 Nc6 3. Bc4 Nf6 4. d3 Bc5 5. c3 a6 6. Bb3 Ba7 7. Nbd2 d6 8. h3
h6 9. Nf1 O-O 10. Be3 d5 11. Bxa7 Rxa7 12. Qe2 Be6 13. Ng3 dxe4 14. dxe4 Bxb3
15. axb3 Qd6 16. O-O Qe6 17. b4 Ne8 18. Rfd1 Nd6 19. Nh4 g6 20. Rd3 Raa8 21.
Rad1 Rad8 22. Nf3 Kg7 23. Nh2 Rh8 24. Qc2 Nb5 25. Ng4 Rxd3 26. Rxd3 h5 27. Ne3
h4 28. Ngf1 Rd8 29. Rxd8 Nxd8 30. Qd1 Nc6 31. Nd5 Ne7 32. Nxe7 Qxe7 33. Qg4 Qd8
34. Ne3 Nd6 35. c4 b5 36. b3 Qa8 37. Nd5 bxc4 38. bxc4 Nxc4 39. Qxh4 Qc6 40.
Qg5 Qd6 41. Qc1 Qc6 42. Ne3 Na5 43. Qa1 Nc4 44. Qc3 1-0

[Event "XV C.to Europeo a squadre Seniores"]
[Site "Dresda GER"]
[Date "2013.07.23"]
[Round "4.1"]
[White "Tatai, Stefano"]
[Black "Vogt, Lothar H."]
[Result "1/2-1/2"]
[WhiteElo "2365"]
[BlackElo "2402"]
[PlyCount "30"]
[EventDate "2013.07.20"]

1. d4 Nf6 2. c4 g6 3. Nc3 Bg7 4. e4 d6 5. Be2 O-O 6. Bg5 a6 7. Qd2 c5 8. Nf3
cxd4 9. Nxd4 Nc6 10. Nf3 Be6 11. Rc1 Qa5 12. O-O Rfc8 13. Nd5 Qxd2 14. Nxd2 Nd7
15. b3 Kf8 1/2-1/2

[Event "XV C.to Europeo a squadre Seniores"]
[Site "Dresda GER"]
[Date "2013.07.23"]
[Round "4.2"]
[White "Dekan, Hans"]
[Black "Mariotti, Sergio"]
[Result "1/2-1/2"]
[WhiteElo "2172"]
[BlackElo "2295"]
[PlyCount "33"]
[EventDate "2013.07.20"]

1. e4 c5 2. Nf3 e6 3. d4 cxd4 4. Nxd4 a6 5. Bd3 Qc7 6. Qe2 d6 7. O-O Nf6 8. Nc3
Be7 9. Kh1 Nc6 10. Be3 h5 11. f4 Nd7 12. Bg1 Bf6 13. Nxc6 Qxc6 14. Nd1 g5 15.
e5 dxe5 16. f5 exf5 17. a3 1/2-1/2

[Event "XV C.to Europeo a squadre Seniores"]
[Site "Dresda GER"]
[Date "2013.07.23"]
[Round "4.4"]
[White "Striebich, Rudolf"]
[Black "Albano, Marco"]
[Result "0-1"]
[WhiteElo "2190"]
[BlackElo "2288"]
[PlyCount "34"]
[EventDate "2013.07.20"]

1. e4 e5 2. Nf3 Nc6 3. Bb5 Nf6 4. O-O Bc5 5. c3 O-O 6. d4 Bb6 7. Re1 exd4 8.
cxd4 d5 9. e5 Ne4 10. h3 f6 11. Bxc6 bxc6 12. Be3 fxe5 13. Nxe5 Qh4 14. Rf1 Ba6
15. Nf3 Rxf3 16. gxf3 Bxf1 17. Qxf1 Ng5 0-1

[Event "XV C.to Europeo a squadre Seniores"]
[Site "Dresda GER"]
[Date "2013.07.24"]
[Round "5.1"]
[White "Dydyshko, Viacheslav"]
[Black "Tatai, Stefano"]
[WhiteElo "2512"]
[BlackElo "2365"]
[Result "1-0"]
[PlyCount "86"]
[EventDate "2013.07.20"]

1. d4 Nf6 2. c4 e6 3. Nf3 Bb4+ 4. Bd2 a5 5. g3 O-O 6. Bg2 d6 7. Nc3 Bxc3 8.
Bxc3 Ne4 9. Rc1 Qe7 10. O-O Nxc3 11. Rxc3 Nc6 12. a3 Bd7 13. d5 Nd8 14. Qc2 c5
15. dxc6 bxc6 16. Rd1 f6 17. Nd4 Ra7 18. Re3 g6 19. b4 axb4 20. axb4 Rc7 21.
Qa2 Qf7 22. b5 c5 23. Nc2 Qe7 24. Ra3 Bc8 25. Ne3 Bb7 26. Ra1 Nf7 27. Bxb7 Rxb7
28. Ra8 Kg7 29. Qa6 Rxa8 30. Qxa8 Qd7 31. Rd1 Ra7 32. Qe4 Rb7 33. Kg2 Ra7 34.
Kg1 Rb7 35. f4 Rb8 36. Kf2 Rb6 37. Rd3 f5 38. Qh1 Qb7 39. Qa1+ Kf8 40. Ra3 Qc7
41. Qf6 Rb8 42. Qxe6 Re8 43. Qf6 Qe7 1-0

[Event "XV C.to Europeo a squadre Seniores"]
[Site "Dresda GER"]
[Date "2013.07.24"]
[Round "5.2"]
[White "Mariotti, Sergio"]
[Black "Kupreichik, Viktor D."]
[WhiteElo "2295"]
[BlackElo "2446"]
[Result "1/2-1/2"]
[PlyCount "31"]
[EventDate "2013.07.20"]

1. Nf3 d5 2. d4 c6 3. e3 Bf5 4. Bd3 Bxd3 5. Qxd3 Nd7 6. Nbd2 Ngf6 7. O-O e6 8.
e4 dxe4 9. Nxe4 Be7 10. c3 O-O 11. Rd1 Qc7 12. Bg5 Rfd8 13. Qe2 h6 14. Bh4 Qf4
15. Nxf6+ Bxf6 16. Bxf6 1/2-1/2

[Event "XV C.to Europeo a squadre Seniores"]
[Site "Dresda GER"]
[Date "2013.07.24"]
[Round "5.3"]
[White "Mochalov, Viacheslav"]
[Black "Micheli, Carlo"]
[WhiteElo "2054"]
[BlackElo "2287"]
[Result "1-0"]
[PlyCount "73"]
[EventDate "2013.07.20"]

1. d4 Nf6 2. c4 g6 3. g3 Bg7 4. Bg2 O-O 5. Nf3 d6 6. O-O Na6 7. Nc3 Qe8 8. h3
e5 9. e4 h6 10. Re1 Nd7 11. Rb1 exd4 12. Nxd4 Ne5 13. b3 Nc5 14. Be3 a6 15. f4
Ned7 16. Rb2 Qd8 17. Rd2 Re8 18. Bf2 Nb6 19. e5 Bd7 20. Nde2 Bf8 21. Bxc5 dxc5
22. Bxb7 Qe7 23. Bxa8 Rxa8 24. Rxd7 Nxd7 25. Qd3 Qe6 26. Qd5 Nb6 27. Qxe6 fxe6
28. Rd1 Be7 29. Ne4 Kf7 30. Kf2 Ke8 31. Kf3 Rd8 32. Rxd8+ Kxd8 33. g4 Nd7 34.
Nc1 g5 35. Nd3 gxf4 36. Kxf4 Ke8 37. Nf6+ 1-0

[Event "XV C.to Europeo a squadre Seniores"]
[Site "Dresda GER"]
[Date "2013.07.24"]
[Round "5.4"]
[White "Albano, Marco"]
[Black "Veremeichik, Vladimir"]
[WhiteElo "2288"]
[BlackElo "2340"]
[Result "1/2-1/2"]
[PlyCount "68"]
[EventDate "2013.07.20"]

1. e4 c5 2. Nf3 Nc6 3. d4 cxd4 4. Nxd4 g6 5. c4 Bg7 6. Be3 Nf6 7. Nc3 d6 8. Be2
O-O 9. O-O Bd7 10. f4 Nxd4 11. Bxd4 Bc6 12. Bf3 a5 13. Rf2 Nd7 14. Bxg7 Kxg7
15. Qe1 Qb6 16. Rd1 Rac8 17. Kh1 Qc5 18. b3 Nb6 19. Rfd2 Rc7 20. Rd3 Ra8 21.
Qh4 Rh8 22. Ne2 Nc8 23. Ng3 h6 24. e5 dxe5 25. Bxc6 exf4 26. Bxb7 fxg3 27. Bxc8
Rhxc8 28. Rxg3 Qe5 29. Rh3 h5 30. Re1 Qf6 31. Qxf6+ Kxf6 32. Rd3 a4 33. Kg1 Rb8
34. Kf2 e5 1/2-1/2

[Event "XV C.to Europeo a squadre Seniores"]
[Site "Dresda GER"]
[Date "2013.07.25"]
[Round "6.1"]
[White "Mariotti, Sergio"]
[Black "Wuttke, Hans"]
[Result "1/2-1/2"]
[WhiteElo "2295"]
[BlackElo "2171"]
[PlyCount "37"]
[EventDate "2013.07.20"]

1. e4 d6 2. d4 Nf6 3. Nd2 e5 4. Ngf3 exd4 5. Nxd4 g6 6. g3 Bg7 7. Bg2 O-O 8.
O-O Re8 9. Re1 Nbd7 10. N4b3 Nb6 11. Na5 d5 12. exd5 Rxe1+ 13. Qxe1 Nbxd5 14.
Ndc4 c6 15. Bg5 h6 16. Bxf6 Bxf6 17. Rd1 Qf8 18. f3 Rb8 19. Ne3 1/2-1/2

[Event "XV C.to Europeo a squadre Seniores"]
[Site "Dresda GER"]
[Date "2013.07.25"]
[Round "6.2"]
[White "Walter, Guenter"]
[Black "Micheli, Carlo"]
[Result "0-1"]
[WhiteElo "2233"]
[BlackElo "2287"]
[PlyCount "84"]
[EventDate "2013.07.20"]

1. e4 c5 2. Nf3 e6 3. Nc3 a6 4. d4 cxd4 5. Nxd4 Qc7 6. Bd3 Nf6 7. f4 d6 8. Qe2
Nbd7 9. Bd2 b5 10. a3 Bb7 11. O-O Be7 12. Rae1 Nc5 13. Kh1 Nxd3 14. cxd3 O-O
15. Rf3 g6 16. Rh3 e5 17. Nc2 Bc8 18. Rg3 Kh8 19. f5 gxf5 20. exf5 Bxf5 21. Rf1
Be6 22. Bg5 Ng8 23. Ne3 f6 24. Bh4 f5 25. Ned5 Bxd5 26. Nxd5 Qb7 27. Nxe7 Nxe7
28. Qh5 Qd7 29. Rgf3 f4 30. g3 Ng6 31. Bg5 Qf5 32. gxf4 exf4 33. Qh6 Qd5 34.
Kg1 Rf5 35. h4 Rg8 36. Kh2 Qe5 37. R1f2 Nxh4 38. Bxh4 Rh5 39. d4 Rxh6 40. dxe5
Rxh4+ 41. Rh3 Rxh3+ 42. Kxh3 dxe5 0-1

[Event "XV C.to Europeo a squadre Seniores"]
[Site "Dresda GER"]
[Date "2013.07.25"]
[Round "6.3"]
[White "Albano, Marco"]
[Black "Grottke, Hans-Joachim"]
[Result "1-0"]
[WhiteElo "2288"]
[BlackElo "2220"]
[PlyCount "155"]
[EventDate "2013.07.20"]

1. d4 d5 2. Nf3 Nf6 3. Bf4 e6 4. e3 Bd6 5. Bg3 c5 6. c3 Nc6 7. Nbd2 Qe7 8. Ne5
Bxe5 9. dxe5 Nd7 10. f4 f6 11. Bh4 Qf7 12. exf6 Nxf6 13. Be2 Bd7 14. O-O Ne7
15. Nf3 Nf5 16. Ne5 Qe7 17. Bxf6 gxf6 18. Bh5+ Kf8 19. Nxd7+ Qxd7 20. Qf3 Nd6
21. Qh3 f5 22. Rad1 Rg8 23. Bf3 Rg6 24. b3 b5 25. Kh1 Qg7 26. g3 Rb8 27. Rc1
Kg8 28. Qg2 c4 29. Qd2 Qf6 30. Rfe1 Rg7 31. Qd4 Qxd4 32. exd4 Ne4 33. Bxe4 dxe4
34. Red1 Rd7 35. Kg2 Kf7 36. Kf2 Ke7 37. Ke3 Kd6 38. g4 Rg7 39. g5 Kd5 40. h4
Rc8 41. b4 a5 42. a3 axb4 43. axb4 Ra8 44. Ra1 Rga7 45. Rxa7 Rxa7 46. h5 Ra3
47. Rc1 Ra2 48. Rh1 Kd6 49. g6 hxg6 50. h6 Ra8 51. Rg1 Rh8 52. Rxg6 Ke7 53. d5
exd5 54. Kd4 Kf7 55. Rd6 Re8 56. Rxd5 Kg6 57. Rd6+ Kh7 58. Ke3 Rg8 59. Rd5 Rg3+
60. Ke2 Rxc3 61. Rxf5 Rf3 62. Rxb5 Rxf4 63. Ke3 Rh4 64. Rb6 c3 65. Rc6 Rh3+ 66.
Kd4 e3 67. Rxc3 e2 68. Rc7+ Kxh6 69. Re7 Rh2 70. b5 Kg6 71. b6 Kf6 72. Re8 Rh4+
73. Kc3 Rh5 74. Rxe2 Rb5 75. Rb2 Rc5+ 76. Kd4 Rc8 77. b7 Rb8 78. Kc5 1-0

[Event "XV C.to Europeo a squadre Seniores"]
[Site "Dresda GER"]
[Date "2013.07.25"]
[Round "6.4"]
[White "Urban, Hans-Rainer"]
[Black "Valenti, Giuseppe"]
[Result "0-1"]
[WhiteElo "2133"]
[BlackElo "2185"]
[PlyCount "82"]
[EventDate "2013.07.20"]

1. d4 Nf6 2. c4 e6 3. Nc3 c5 4. d5 exd5 5. cxd5 d6 6. e4 g6 7. Be2 Bg7 8. Be3
a6 9. a4 O-O 10. e5 dxe5 11. Bxc5 Re8 12. Qb3 Nbd7 13. Be3 Qa5 14. Nf3 b5 15.
Nd2 b4 16. Nc4 Nc5 17. Qd1 Qc7 18. Na2 a5 19. Rc1 Bb7 20. Nb6 Qxb6 21. Bxc5 Qd8
22. Bb5 Bxd5 23. Bxe8 Qxe8 24. O-O Bxa2 25. b3 Ne4 26. Qe2 Nc3 27. Rxc3 bxc3
28. Qxa2 Qc6 29. Be3 c2 30. h3 e4 31. Rc1 Rc8 32. Qa3 Qc3 33. Qd6 Bf8 34. Qd5
Ba3 35. Rf1 c1=Q 36. Bxc1 Bxc1 37. Qxe4 Qxb3 38. Qg4 Qc4 39. Qd7 Qc6 40. Qd1
Bg5 41. Qb3 Bd2 0-1

[Event "XV C.to Europeo a squadre Seniores"]
[Site "Dresda GER"]
[Date "2013.07.26"]
[Round "7.1"]
[White "Tatai, Stefano"]
[Black "Schulze, Ulrich"]
[Result "1/2-1/2"]
[WhiteElo "2365"]
[BlackElo "2316"]
[PlyCount "84"]
[EventDate "2013.07.20"]

1. d4 Nf6 2. c4 g6 3. Nc3 d5 4. e3 Bg7 5. cxd5 Nxd5 6. Nxd5 Qxd5 7. Ne2 O-O 8.
Nc3 Qd8 9. Bc4 c5 10. d5 Nd7 11. O-O Nb6 12. Qb3 Nxc4 13. Qxc4 b6 14. e4 e6 15.
Be3 exd5 16. exd5 Re8 17. Rfd1 Bf5 18. Rd2 Qd7 19. a4 a6 20. Rad1 Qd6 21. a5
Rxe3 22. fxe3 b5 23. Qh4 Re8 24. Rf1 Rxe3 25. Qf4 Qxf4 26. Rxf4 Bh6 27. Rxf5
Re1+ 28. Rf1 Bxd2 29. Rxe1 Bxe1 30. Nxb5 Bxa5 31. Nd6 Kf8 32. Nc4 Bc7 33. h3 f5
34. Kf2 Ke7 35. Kf3 h5 36. g3 Kf6 37. b3 Kf7 38. Kf2 Kf6 39. Kf3 Ke7 40. Kg2
Kf6 41. Kf3 Ke7 42. Kg2 Kf6 1/2-1/2

[Event "XV C.to Europeo a squadre Seniores"]
[Site "Dresda GER"]
[Date "2013.07.26"]
[Round "7.2"]
[White "Haakert, Juergen"]
[Black "Mariotti, Sergio"]
[Result "1/2-1/2"]
[WhiteElo "2385"]
[BlackElo "2295"]
[PlyCount "38"]
[EventDate "2013.07.20"]

1. Nf3 Nf6 2. d4 d5 3. c4 c6 4. e3 e6 5. Bd3 Nbd7 6. O-O Bd6 7. Nbd2 h6 8. e4
dxe4 9. Nxe4 Nxe4 10. Bxe4 Nf6 11. Bc2 c5 12. Ba4+ Bd7 13. dxc5 Bxc5 14. Ne5
Bxa4 15. Qxa4+ Ke7 16. Bf4 Qc8 17. Nd3 Rd8 18. Nxc5 Qxc5 19. Be3 Qc6 1/2-1/2

[Event "XV C.to Europeo a squadre Seniores"]
[Site "Dresda GER"]
[Date "2013.07.26"]
[Round "7.3"]
[White "Micheli, Carlo"]
[Black "Werner, Clemens"]
[Result "0-1"]
[WhiteElo "2287"]
[BlackElo "2337"]
[PlyCount "72"]
[EventDate "2013.07.20"]

1. c4 g6 2. g3 Bg7 3. Bg2 e5 4. Nc3 Ne7 5. d3 c6 6. e4 d6 7. Nge2 Be6 8. Be3
Qd7 9. h3 d5 10. cxd5 cxd5 11. d4 Nbc6 12. dxe5 dxe4 13. Qxd7+ Bxd7 14. Nxe4
Nxe5 15. Nd6+ Kf8 16. O-O Bc6 17. Nxb7 Nf3+ 18. Bxf3 Bxf3 19. Na5 Bxe2 20. Rfe1
Bf3 21. Bc5 Bf6 22. Re3 Bd5 23. Rae1 Re8 24. b4 a6 25. a4 Be6 26. b5 axb5 27.
axb5 Kg7 28. b6 Ra8 29. Nb3 Nd5 30. Rf3 Ra4 31. Bd6 Ra6 32. Bc5 Rc8 33. Rd1
Nxb6 34. Rd6 Bxb3 35. Bxb6 Rc1+ 36. Kg2 Be5 0-1